000 00503nam a2200181Ia 4500
003 GCL
008 140319s9999 xx 000 0 ara d
040 _aGCL /
_cGCL
082 0 4 _a813.9
_bا ج
100 1 _aالدوس مكسيلى
245 1 0 _aالجزيرة /
_cالدوس مكسيلى
700 1 _aسامى خشبة(مترجم)
260 _a[S.N] :
_bدار التنوير للطباعة والنشر ،
_c1983
300 _a359 ص
490 _a
650 0 4 _aالقصص
942 _2ddc
_cBK
999 _c32880
_d32880